Understanding schooling : an introductory sociology of Australian Education / (Record no. 1202)
| 000 -LEADER | |
|---|---|
| fixed length control field | 01165nam a22002297a 4500 |
| 003 - CONTROL NUMBER IDENTIFIER | |
| control field | OSt |
| 005 - DATE AND TIME OF LATEST TRANSACTION | |
| control field | 20140116120848.0 |
| 008 - FIXED-LENGTH DATA ELEMENTS--GENERAL INFORMATION | |
| fixed length control field | 130801b xxu||||| |||| 00| 0 eng d |
| 020 ## - INTERNATIONAL STANDARD BOOK NUMBER | |
| International Standard Book Number | 9780415008952 |
| 020 ## - INTERNATIONAL STANDARD BOOK NUMBER | |
| International Standard Book Number | 9780203135990 |
| 050 ## - LIBRARY OF CONGRESS CALL NUMBER | |
| Classification number | LC191.8.A8.H46 1988 |
| 100 ## - MAIN ENTRY--PERSONAL NAME | |
| Personal name | Henry, Miriam. |
| 245 ## - TITLE STATEMENT | |
| Title | Understanding schooling : an introductory sociology of Australian Education / |
| Statement of responsibility, etc | Miriam Henry, John Knight, Robert Lingard and Sandra Taylor. |
| 260 ## - PUBLICATION, DISTRIBUTION, ETC. (IMPRINT) | |
| Place of publication, distribution, etc | Florence : |
| Name of publisher, distributor, etc | Routledge , |
| Date of publication, distribution, etc | 1988 . |
| 300 ## - PHYSICAL DESCRIPTION | |
| Extent | 338p. |
| 504 ## - BIBLIOGRAPHY, ETC. NOTE | |
| Bibliography, etc | Includes bibliographical reference and author index. |
| 505 ## - FORMATTED CONTENTS NOTE | |
| Formatted contents note | Teacher practice and sociological theory<br/>Being a teacher<br/>What makes a classroom?<br/>The problem of school knowledge<br/>Understanding the system<br/>Students in context<br/>Schooling processes and educational outcomes<br/>School and society<br/>Teachers and change<br/>Radical teaching and the adaptive school<br/>Author Index |
| 650 ## - SUBJECT ADDED ENTRY--TOPICAL TERM | |
| Topical term or geographic name as entry element | Educational sociology -- |
| Geographic subdivision | Australia. |
| 650 ## - SUBJECT ADDED ENTRY--TOPICAL TERM | |
| Topical term or geographic name as entry element | Education and state -- |
| Geographic subdivision | Australia. |
| 856 ## - ELECTRONIC LOCATION AND ACCESS | |
| Uniform Resource Identifier | <a href="http://site.ebrary.com/lib/riara/docDetail.action?docID=10017788&p00=sociology+of+education">http://site.ebrary.com/lib/riara/docDetail.action?docID=10017788&p00=sociology+of+education</a> |
| Link text | Click here to view e-book |
| 942 ## - ADDED ENTRY ELEMENTS (KOHA) | |
| Source of classification or shelving scheme | |
| Koha item type | Electronic Book |
No items available.
